Engineering thermodynamics (Record no. 3455)

000 -LEADER
fixed length control field 00570nam a22002177a 4500
001 - CONTROL NUMBER
control field 3455
003 - CONTROL NUMBER IDENTIFIER
control field BD-DhUET
008 - FIXED-LENGTH DATA ELEMENTS--GENERAL INFORMATION
fixed length control field 141029b xxu||||| |||| 00| 0 eng d
020 ## - INTERNATIONAL STANDARD BOOK NUMBER
International Standard Book Number 0023573902
040 ## - CATALOGING SOURCE
Transcribing agency 0
Modifying agency BD-DhUET
082 ## - DEWEY DECIMAL CLASSIFICATION NUMBER
Classification number 621.01
Item number HUA/1976
100 ## - MAIN ENTRY--PERSONAL NAME
Personal name Huang, Francis F.
245 ## - TITLE STATEMENT
Title Engineering thermodynamics
Remainder of title fundamentals and applications
250 ## - EDITION STATEMENT
Edition statement 1st ed.
260 ## - PUBLICATION, DISTRIBUTION, ETC. (IMPRINT)
Place of publication, distribution, etc. New York
Name of publisher, distributor, etc. Macmillan publishing
Date of publication, distribution, etc. 1976
300 ## - PHYSICAL DESCRIPTION
Extent xxi, 535 p.
Other physical details
500 ## - GENERAL NOTE
General note Part- I
650 #0 - SUBJECT ADDED ENTRY--TOPICAL TERM
Topical term or geographic name as entry element Thermodynamics-Engineering
650 #0 - SUBJECT ADDED ENTRY--TOPICAL TERM
Topical term or geographic name as entry element Thermodynamics
942 ## - ADDED ENTRY ELEMENTS (KOHA)
Koha item type General Book
Holdings
Sublocation or collection (holding branch) Not for loan Koha normalized classification for sorting Price effective from Date acquired Location (home branch) Koha date last seen Koha item type Shelving location Copy number Source of classification or shelving scheme Koha full call number Damaged status Withdrawn status Lost status Piece designation (barcode)
Central Library, BUET 621_010000000000000_HUA_19762014-10-292014-10-29Central Library, BUET2014-10-29General BookCirculation section1 621.01/HUA/1976   86663
Central Library, BUET 621_010000000000000_HUA_19762015-02-082015-02-08Central Library, BUET2015-02-08General BookCirculation section2 621.01/HUA/1976   56647
Central Library, BUET 621_010000000000000_HUA_19762015-04-122015-04-12Central Library, BUET2015-04-12General BookCirculation section3 621.01/HUA/1976   75003
Central Library, BUET 621_010000000000000_HUA_19762018-05-201989-07-30Central Library, BUET2018-05-20General BookCirculation section4 621.01/HUA/1976   74999